ბათუმის შოთა რუსთაველის სახელმწიფო უნივერსიტეტის ბიბლიოთეკა

მოამბე : (ბიბ.ჩანაწერი № 62221)

000 -LEADER
fixed length control field 00787nam a22001817a 4500
005 - DATE AND TIME OF LATEST TRANSACTION
control field 20241216151629.0
008 - FIXED-LENGTH DATA ELEMENTS--GENERAL INFORMATION
fixed length control field 240805s2024 ge ||||| |||| 00| 0 geo d
022 ## - INTERNATIONAL STANDARD SERIAL NUMBER
International Standard Serial Number 76181
041 ## - LANGUAGE CODE
Language code of text/sound track or separate title eng
245 ## - TITLE STATEMENT
Title მოამბე :
Remainder of title 2024 /
Statement of responsibility, etc. მთავ. რედ. როინ მეტრეველი.
260 ## - PUBLICATION, DISTRIBUTION, ETC.
Place of publication, distribution, etc. თბილისი :
Name of publisher, distributor, etc. საქართველოს მეცნიერებათა ეროვნული აკადემია,
Date of publication, distribution, etc. 2024.
300 ## - PHYSICAL DESCRIPTION
Extent V.
546 ## - LANGUAGE NOTE
Language note ინგლისურ და ქართულ ენაზე
653 ## - INDEX TERM--UNCONTROLLED
Uncontrolled term მოამბე
653 ## - INDEX TERM--UNCONTROLLED
Uncontrolled term პერიოდიკა
700 ## - ADDED ENTRY--PERSONAL NAME
Personal name მეტრეველი, როინ
Relator term მთავარი რედაქტორი
9 (RLIN) 23066
942 ## - ADDED ENTRY ELEMENTS (KOHA)
Source of classification or shelving scheme
Koha item type პერიოდიკა
ეგზემპლარები
Withdrawn status Lost status Source of classification or shelving scheme Damaged status Not for loan Permanent Location Current Location Shelving location Date acquired Serial Enumeration / chronology Barcode Date last seen Copy number Price effective from Koha item type
          ბათუმის შოთა რუსთაველის სახელმწიფო უნივერსიტეტის მთავარი ბიბლიოთეკა ბათუმის შოთა რუსთაველის სახელმწიფო უნივერსიტეტის მთავარი ბიბლიოთეკა წიგნსაცავი 2024-08-05 ტ18,#1 (2024) იანვარი-თებერვალი-მარტი-აპრილი 81197 p 2024-08-05 81197 p 2024-08-05 პერიოდიკა
          ბათუმის შოთა რუსთაველის სახელმწიფო უნივერსიტეტის მთავარი ბიბლიოთეკა ბათუმის შოთა რუსთაველის სახელმწიფო უნივერსიტეტის მთავარი ბიბლიოთეკა წიგნსაცავი 2024-12-16 ტ. 18 # 2 (2024) აპრილი, მაისი, ივნისი 81343 2024-12-16 81343 2024-12-16 პერიოდიკა